MCU Movie Directors - Statistics

General Stats
  • This quiz has been taken 68 times
    42 since last reset
  • The average score is 24 of 38
Answer Stats
Phase Film Year Director % Correct
Phase Six Avengers: Doomsday 2026 Anthony & Joe Russo
100%
Phase Two Captain America: The Winter Soldier 2014 Anthony & Joe Russo
100%
Phase Three Captain America: Civil War 2016 Anthony & Joe Russo
100%
Phase Three Avengers: Infinity War 2018 Anthony & Joe Russo
100%
Phase Three Avengers: Endgame 2019 Anthony & Joe Russo
100%
Phase One Iron Man 2008 Jon Favreau
94%
Phase One Iron Man 2 2010 Jon Favreau
94%
Phase Two Guardians of the Galaxy 2014 James Gunn
92%
Phase Three Guardians of the Galaxy Vol. 2 2017 James Gunn
92%
Phase Five Guardians of the Galaxy Vol. 3 2023 James Gunn
92%
Phase One The Avengers 2012 Joss Whedon
92%
Phase Two Avengers: Age of Ultron 2015 Joss Whedon
92%
Phase Three Black Panther 2018 Ryan Coogler
92%
Phase Four Black Panther: Wakanda Forever 2022 Ryan Coogler
92%
Phase Four Doctor Strange in the Multiverse of Madness 2022 Sam Raimi
89%
Phase Three Thor: Ragnarok 2017 Taika Waititi
86%
Phase Four Thor: Love and Thunder 2022 Taika Waititi
86%
Phase Four Eternals 2021 Chloe Zhao
81%
Phase Three Spider-Man: Homecoming 2017 John Watts
81%
Phase Three Spider-Man: Far From Home 2019 Jon Watts
81%
Phase Four Spider-Man: No Way Home 2021 Jon Watts
81%
Phase One Thor 2011 Kenneth Branagh
67%
Phase Five Deadpool & Wolverine 2024 Shawn Levy
64%
Phase Two Iron Man 3 2013 Shane Black
53%
Phase Two Ant-Man 2015 Peyton Reed
39%
Phase Three Ant-Man and the Wasp 2018 Peyton Reed
39%
Phase Five Ant-Man and the Wasp: Quantumania 2023 Peyton Reed
39%
Phase Three Doctor Strange 2016 Scott Derrickson
36%
Phase One The Incredible Hulk 2008 Louis Leterrier
33%
Phase One Captain America: The First Avenger 2011 Joe Johnston
31%
Phase Two Thor: The Dark World 2013 Alan Taylor
22%
Phase Four Shang-Chi and the Legend of the Ten Rings 2021 Destin Daniel Cretton
22%
Phase Three Captain Marvel 2019 Anna Boden & Ryan Fleck
19%
Phase Five The Marvels 2023 Nia DaCosta
19%
Phase Six The Fantastic Four: First Steps 2025 Matt Shakman
14%
Phase Four Black Widow 2021 Cate Shortland
11%
Phase Five Thunderbolts 2024 Jake Schreier
11%
Phase Five Captain America: Brave New World 2024 Julius Onah
11%
No matching quizzes found
Score Distribution
Percent of People with Each Score
Percentile by Number Answered
Your Score History
You have not taken this quiz since the last reset